000 006130000a22001930004500
020 _a0-89081-274-8
041 0 _aSPA
082 0 4 _aG 266.0092 L9751d
100 1 _aLutz, Lorry de
245 1 0 _aDecidida a vencer : La admirable historia de la misionera Elisa Davis de George / Lorry de Lutz ; Ana María de Dahlquist, Traductor
260 _aQuito, Ecuador : La Biblia Dice
300 _a232 Pag
500 _aTítulo original : Born to lose, bound to win
001 7614
942 _cBK
999 _c37821
_d37821
336 _atexto
_btxt
_2rdacontent
337 _2rdamedia
_asin mediación
_bn
338 _2rdacarrier
_avolumen
_bnc